| 000 | 00672nam a22002177a 4500 | ||
|---|---|---|---|
| 999 |
_c6315 _d6315 |
||
| 001 | 6315 | ||
| 003 | BD-JhCC | ||
| 005 | 20180121123733.0 | ||
| 008 | 180121s1979 bg ||||| ||a| 00| 0 b d | ||
| 035 | _a(BD-JhCC)6315 | ||
| 040 |
_aBD-JhCC _dBD-JhCC |
||
| 041 | _aeng | ||
| 082 |
_a297 _bGAJ 1979 |
||
| 100 | _aগাযযালী, ইমাম আল | ||
| 245 |
_aমিশকাতুল আনওয়ার / _cইমাম আল্ গাযযালী, |
||
| 260 |
_aঢাকা : _bইসলামিক ফাউন্ডেশন বাংলাদেশ, _c1979. |
||
| 300 |
_a72 p. : _c23 cm. |
||
| 650 | _aIslam | ||
| 942 |
_2ddc _cBK |
||